000 01001nam a22003017a 4500
001 BR9903849
003 BR-BrBNA
005 20230928100517.0
007 ta
008 230509b bl.||||| |||| 00| 0 por d
040 _aBR-BrBNA
_bpor
_cBiblioteca Nacional de Agricultura
041 _a(Por)
072 _aH10
_b1105
_b4020
090 _ 1105 BR9903849
100 1 _aMicheletti, S.M.F.B.
110 1 _aEscola Superior de Agricultura Luiz de Queiroz, Piracicaba, SP (Brasil)
_0Tese (Doutor em Ciencias)
245 1 _aEstudos sobre Cerconota anonella (Sepp., 1830)(Lep.: Oecophoridae)em gravioleira (Annona muricata L.)no Estado de Alagoas
260 3 _aPiracicaba, SP (Brasil):
_c1999.
300 _a88 p.
500 _aSummaries (Eng, Por); 50 ref.; 33 tables; 20 illus.
650 _aGraviola
650 _aBroca do Fruto
650 _aControle Biologico
650 _aFlutuacao Populacional
650 _aControle Integrado
909 _a202309
_bLucia
_c55
_dLucia Elande
942 _cBK
999 _c61616
_d61616